[Event "PHI-ch"]
[Site "Mactan City"]
[Date "2021.12.14"]
[Round "11"]
[White "Quizon, Daniel"]
[Black "Dableo, Ronald"]
[Result "1/2-1/2"]
[WhiteElo "2324"]
[BlackElo "2407"]
[PlyCount "73"]
[EventDate "2021.12.09"]
[EventType "tourn"]
[EventRounds "11"]
[EventCountry "PHI"]
[EventCategory "3"]
[SourceTitle "CBM 205 Extra"]
[Source "ChessBase"]
[SourceDate "2022.01.31"]
[SourceVersion "1"]
[SourceVersionDate "2022.01.31"]
[SourceQuality "1"]

1. e4 g6 2. Nc3 Bg7 3. g3 e5 4. Bg2 d6 5. Nge2 c5 6. 0-0 Ne7 7. d3 Nbc6 8. Be3 0-0 9. f4 Nd4 10. Qd2 Be6 11. h3 Qd7 12. Kh2 f5 13. Rae1 Rf7 14. Nd5 fxe4 15. dxe4 Bxd5 16. exd5 Nef5 17. Bxd4 Nxd4 18. Nxd4 cxd4 19. fxe5 Bxe5 20. Rxf7 Qxf7 21. Be4 b5 22. Kg2 a5 23. Qe2 b4 24. Rf1 Qd7 25. b3 Kg7 26. Rf3 Qe7 27. Bd3 a4 28. bxa4 Rxa4 29. Qe1 Qc7 30. Qb1 Qc5 31. Qb3 Ra3 32. Qc4 Rc3 33. Qxc5 dxc5 34. Be4 c4 35. Rxc3 bxc3 36. a4 Bc7 37. d6 1/2-1/2

[Event "PHI-ch"]
[Site "Mactan City"]
[Date "2021.12.13"]
[Round "8"]
[White "Garcia, Jan Emmanuel"]
[Black "Dableo, Ronald"]
[Result "1/2-1/2"]
[WhiteElo "2411"]
[BlackElo "2407"]
[PlyCount "62"]
[EventDate "2021.12.09"]
[EventType "tourn"]
[EventRounds "11"]
[EventCountry "PHI"]
[EventCategory "3"]
[SourceTitle "CBM 205 Extra"]
[Source "ChessBase"]
[SourceDate "2022.01.31"]
[SourceVersion "1"]
[SourceVersionDate "2022.01.31"]
[SourceQuality "1"]

1. Nf3 g6 2. d4 Bg7 3. c4 c6 4. g3 Nf6 5. Bg2 0-0 6. 0-0 d5 7. Qb3 Qb6 8. Nc3 Qxb3 9. axb3 Rd8 10. Bf4 Na6 11. cxd5 Nxd5 12. Nxd5 cxd5 13. Rfc1 Bg4 14. Be3 Bxf3 15. Bxf3 e6 16. Bg5 Rdc8 17. e3 Nb4 18. Be7 Rxc1+ 19. Rxc1 Bf8 20. Bxb4 Bxb4 21. Rc7 a5 22. Be2 Re8 23. Bb5 Re7 24. Rxe7 Bxe7 25. h4 h5 26. Kf1 Bb4 27. Ke2 Kf8 28. Kd3 Ke7 29. Ke2 Kf8 30. Kd3 Ke7 31. Ke2 Kf8 1/2-1/2

[Event "Bacolod Negros op"]
[Site "Bacolod"]
[Date "2017.10.12"]
[Round "2"]
[White "Montoya, Edsel"]
[Black "Dableo, Ronald"]
[Result "1-0"]
[WhiteElo "2262"]
[BlackElo "2419"]
[PlyCount "129"]
[EventDate "2017.10.11"]
[EventType "swiss"]
[EventRounds "9"]
[EventCountry "PHI"]
[SourceTitle "CBM 181 Extra"]
[Source "ChessBase"]
[SourceDate "2017.12.12"]
[SourceVersion "1"]
[SourceVersionDate "2017.12.12"]
[SourceQuality "1"]

1. d4 d5 2. c4 c6 3. Nc3 Nf6 4. Nf3 a6 5. e3 Bf5 6. Be2 h6 7. 0-0 e6 8. Bd3 Bxd3 9. Qxd3 b5 10. b3 Nbd7 11. Ne5 dxc4 12. Qc2 cxb3 13. axb3 Qb6 14. f4 Be7 15. f5 exf5 16. Nxd7 Nxd7 17. Qxf5 Nf6 18. Qe5 Rd8 19. Bb2 Rd6 20. Qf5 0-0 21. Rf3 Re6 22. Kh1 Rd8 23. Ne2 Rd5 24. Qc2 Bd6 25. Raf1 Qd8 26. h3 Qe8 27. Bc1 b4 28. Nf4 Bxf4 29. Rxf4 Ne4 30. Kg1 f6 31. Qc4 a5 32. Qc2 h5 33. R1f3 Qg6 34. Qc4 Kh7 35. Kh2 Rg5 36. g4 Rd5 37. Qc2 Ng5 38. Rf2 Qxc2 39. Rxc2 hxg4 40. hxg4 Ne4 41. Kg2 g6 42. Kf3 f5 43. gxf5 Rxf5 44. Rxf5 gxf5 45. Kf4 Kg6 46. Rg2+ Kf7 47. Kxf5 Nd6+ 48. Kf4 Rf6+ 49. Ke5 Ke7 50. Rg7+ Nf7+ 51. Ke4 Rf1 52. Bd2 Rb1 53. Rg6 Rxb3 54. Rxc6 Kd7 55. Ra6 Nd6+ 56. Kd5 Nb7 57. e4 Rf3 58. e5 Kc7 59. Rc6+ Kb8 60. e6 Rf5+ 61. Kc4 Rf8 62. e7 Rg8 63. d5 Rg4+ 64. Bf4+ Rxf4+ 65. Kd3 1-0

[Event "Kuala Lumpur DYTM op"]
[Site "Kuala Lumpur"]
[Date "2012.09.20"]
[Round "6"]
[White "Cuhendi, Sean Winshand"]
[Black "Dableo, Ronald"]
[Result "1/2-1/2"]
[WhiteElo "2148"]
[BlackElo "2430"]
[PlyCount "63"]
[EventDate "2012.09.18"]
[EventType "swiss"]
[EventRounds "9"]
[EventCountry "MAS"]
[SourceTitle "CBM 150 Extra"]
[Source "ChessBase"]
[SourceDate "2012.10.19"]
[SourceVersion "1"]
[SourceVersionDate "2012.10.19"]
[SourceQuality "1"]

1. d4 c5 2. d5 e5 3. e4 d6 4. Nc3 g6 5. h4 h5 6. Nh3 a6 7. Ng5 b5 8. a4 b4 9. Nb1 Be7 10. Be3 Nh6 11. f3 a5 12. Bb5+ Bd7 13. Bxd7+ Nxd7 14. Nd2 Nb6 15. Qe2 Qd7 16. b3 Kd8 17. Nc4 Nxc4 18. Qxc4 Qc8 19. g3 Qa6 20. Qxa6 Rxa6 21. Nh3 Ra8 22. Nf2 f5 23. Nd1 Ng8 24. Bg5 Kd7 25. Ne3 Rf8 26. Ke2 Nf6 27. Bxf6 Rxf6 28. Nc4 Bd8 29. Raf1 Rhf8 30. f4 Bc7 31. fxe5 dxe5 32. Rh2 1/2-1/2

[Event "Manila Pichay Cup 6th"]
[Site "Manila"]
[Date "2010.08.23"]
[Round "4"]
[White "Dableo, Ronald"]
[Black "Pascua, Haridas"]
[Result "0-1"]
[WhiteElo "2448"]
[BlackElo "2368"]
[PlyCount "66"]
[EventDate "2010.08.21"]
[EventType "swiss"]
[EventRounds "9"]
[EventCountry "PHI"]
[SourceTitle "CBM 138 Extra"]
[Source "ChessBase"]
[SourceDate "2010.10.29"]
[SourceVersion "1"]
[SourceVersionDate "2010.10.29"]
[SourceQuality "1"]

1. a3 e5 2. d4 exd4 3. Nf3 d5 4. Qxd4 Nc6 5. Qd3 Nf6 6. Bg5 h6 7. Bh4 g5 8. Bg3 Ne4 9. Nc3 Nxc3 10. Qxc3 d4 11. Qd2 Bg7 12. e3 Bg4 13. Bb5 Bxf3 14. gxf3 Qd5 15. Be2 0-0-0 16. e4 Qe6 17. h4 Rhg8 18. hxg5 hxg5 19. Bd3 Be5 20. Qe2 Rh8 21. Rg1 Rh6 22. Bc4 Qf6 23. Bd3 Bf4 24. Bxf4 Qxf4 25. Qd2 Qxf3 26. Be2 Qxe4 27. 0-0-0 f6 28. Kb1 Rh4 29. Bf1 Qe6 30. Rg3 Ne5 31. Bg2 c6 32. Rb3 d3 33. Qe3 dxc2+ 0-1

[Event "PHI-ch"]
[Site "Tagaytay City"]
[Date "2010.06.01"]
[Round "9"]
[White "Dableo, Ronald"]
[Black "Sadorra, Julio Catalino"]
[Result "0-1"]
[WhiteElo "2464"]
[BlackElo "2450"]
[PlyCount "94"]
[EventDate "2010.05.25"]
[EventType "tourn"]
[EventRounds "11"]
[EventCountry "PHI"]
[EventCategory "5"]
[SourceTitle "CBM 136 Extra"]
[Source "ChessBase"]
[SourceDate "2010.07.02"]
[SourceVersion "2"]
[SourceVersionDate "2010.07.15"]
[SourceQuality "1"]

1. g3 e5 2. c4 d6 3. Bg2 f5 4. Nc3 Nf6 5. d3 Be7 6. b4 0-0 7. Nf3 Qe8 8. e3 Nc6 9. b5 Nd8 10. d4 Be6 11. Qb3 Nf7 12. a4 g5 13. h4 h6 14. hxg5 hxg5 15. Nd5 Bxd5 16. cxd5 e4 17. Nd2 Kg7 18. Rg1 g4 19. Bb2 Ng5 20. Nb1 Nf3+ 21. Bxf3 gxf3 22. Qc2 Rh8 23. Nd2 Rh2 24. g4 fxg4 25. Qxc7 Rc8 26. Qxb7 Rc2 27. Ba3 Rxf2 28. Kxf2 Rxd2+ 29. Ke1 Re2+ 30. Kd1 Kg6 31. Qc6 Qd8 32. Bb4 Rxe3 33. Bd2 Rd3 34. Kc2 f2 35. Rg2 Rf3 36. Qc4 Qd7 37. Rf1 g3 38. a5 Qh3 39. b6 axb6 40. axb6 Qxg2 41. b7 Nd7 42. Qc8 Qxf1 43. Qg8+ Kh5 44. Qe8+ Kg4 45. Qxd7+ Rf5 46. b8Q Qd3+ 47. Kb2 Qxd2+ 0-1

[Event "PHI-ch"]
[Site "Tagaytay City"]
[Date "2010.05.27"]
[Round "4"]
[White "Dableo, Ronald"]
[Black "Nolte, Rolando"]
[Result "0-1"]
[WhiteElo "2464"]
[BlackElo "2420"]
[PlyCount "76"]
[EventDate "2010.05.25"]
[EventType "tourn"]
[EventRounds "11"]
[EventCountry "PHI"]
[EventCategory "5"]
[SourceTitle "CBM 136 Extra"]
[Source "ChessBase"]
[SourceDate "2010.07.02"]
[SourceVersion "2"]
[SourceVersionDate "2010.07.15"]
[SourceQuality "1"]

1. Nf3 Nf6 2. g3 d5 3. Bg2 c6 4. d3 Bf5 5. Nh4 Bg4 6. h3 Bh5 7. g4 Bg6 8. Nc3 e5 9. Nf5 Bxf5 10. gxf5 Qd7 11. e4 Bb4 12. Bd2 d4 13. Ne2 Bxd2+ 14. Qxd2 c5 15. c4 Nc6 16. Bf3 Qd6 17. Rg1 g6 18. Ng3 0-0-0 19. a3 Rhg8 20. 0-0-0 a6 21. Kb1 Kb8 22. Rc1 Ka7 23. Bd1 Ne7 24. Ba4 h5 25. fxg6 Rxg6 26. Ne2 Rdg8 27. Rg3 h4 28. Rxg6 Rxg6 29. f4 Rg2 30. fxe5 Qxe5 31. Rf1 Nxe4 32. dxe4 Qxe4+ 33. Bc2 Qxe2 34. Qxe2 Rxe2 35. Rxf7 Nc6 36. Rf4 Ne5 37. Kc1 Nxc4 38. Bg6 Nxb2 0-1

[Event "PHI-ch"]
[Site "Tagaytay City"]
[Date "2010.05.26"]
[Round "3"]
[White "Antonio, Rogelio Jr"]
[Black "Dableo, Ronald"]
[Result "1-0"]
[WhiteElo "2572"]
[BlackElo "2464"]
[PlyCount "49"]
[EventDate "2010.05.25"]
[EventType "tourn"]
[EventRounds "11"]
[EventCountry "PHI"]
[EventCategory "5"]
[SourceTitle "CBM 136 Extra"]
[Source "ChessBase"]
[SourceDate "2010.07.02"]
[SourceVersion "2"]
[SourceVersionDate "2010.07.15"]
[SourceQuality "1"]

1. e4 d5 2. exd5 Qxd5 3. Nc3 Qd6 4. d4 c6 5. g3 Bf5 6. Nf3 Nf6 7. Bg2 h6 8. 0-0 e6 9. Ne5 Nbd7 10. Nc4 Qb4 11. Qe2 Nb6 12. Ne3 Bh7 13. d5 cxd5 14. Nexd5 Nbxd5 15. Nxd5 Nxd5 16. Bxd5 Rc8 17. c3 Qb6 18. Bg2 Be7 19. Rd1 a5 20. Bf4 a4 21. a3 Bc5 22. Rd2 Ke7 23. Rad1 Rhd8 24. Qf3 Ke8 25. Qxb7 1-0

[Event "Asian Continental op 09th"]
[Site "Olongapo City"]
[Date "2010.04.28"]
[Round "8"]
[White "Nguyen, Ngoc Truong Son"]
[Black "Dableo, Ronald"]
[Result "1-0"]
[WhiteElo "2642"]
[BlackElo "2464"]
[PlyCount "60"]
[EventDate "2010.04.21"]
[EventType "swiss"]
[EventRounds "9"]
[EventCountry "PHI"]
[SourceTitle "CBM 136 Extra"]
[Source "ChessBase"]
[SourceDate "2010.07.02"]
[SourceVersion "2"]
[SourceVersionDate "2010.07.15"]
[SourceQuality "1"]

1. d4 d5 2. c4 c6 3. Nf3 Nf6 4. Nc3 a6 5. Ne5 Nbd7 6. Bf4 Nxe5 7. dxe5 Ne4 8. Nxe4 dxe4 9. Qxd8+ Kxd8 10. 0-0-0+ Ke8 11. g3 Be6 12. b3 f5 13. f3 b5 14. fxe4 fxe4 15. Bg2 bxc4 16. Bxe4 Rc8 17. Kb2 g6 18. h4 Bg7 19. h5 Bf5 20. Bxf5 gxf5 21. h6 Bf8 22. bxc4 Rg8 23. Kc3 Rg6 24. Rb1 c5 25. Rh5 Kd7 26. e3 Rcc6 27. Rxf5 Bxh6 28. Rf7 Ke6 29. Rxh7 Kf5 30. Kd3 Rce6 1-0

[Event "Asian Continental op 09th"]
[Site "Olongapo City"]
[Date "2010.04.25"]
[Round "5"]
[White "Dableo, Ronald"]
[Black "Lu, Shanglei"]
[Result "1/2-1/2"]
[WhiteElo "2464"]
[BlackElo "2340"]
[PlyCount "90"]
[EventDate "2010.04.21"]
[EventType "swiss"]
[EventRounds "9"]
[EventCountry "PHI"]
[SourceTitle "CBM 136 Extra"]
[Source "ChessBase"]
[SourceDate "2010.07.02"]
[SourceVersion "2"]
[SourceVersionDate "2010.07.15"]
[SourceQuality "1"]

1. Nf3 f5 2. g3 Nf6 3. Bg2 g6 4. 0-0 Bg7 5. d3 d6 6. Bd2 0-0 7. Qc1 e5 8. c4 c6 9. Nc3 Nbd7 10. b4 a6 11. Rb1 d5 12. cxd5 cxd5 13. Bh6 Bxh6 14. Qxh6 e4 15. dxe4 dxe4 16. Ng5 Qe7 17. Qh4 Nb6 18. Rfd1 Bd7 19. b5 axb5 20. Nxb5 Nbd5 21. Rdc1 e3 22. Bxd5+ Nxd5 23. f3 Bc6 24. Nd4 Rxa2 25. Kf1 Ra6 26. Qh6 Rf6 27. Rb5 Bxb5 28. Nxb5 Qg7 29. Qh4 Rfc6 30. Rd1 Ra1 31. Rxa1 Qxa1+ 32. Kg2 h5 33. Nd4 Rf6 34. Nde6 Qa2 35. Qd4 Qxe2+ 36. Kh3 Qf1+ 37. Kh4 Qb5 38. Qe5 Qb4+ 39. f4 e2 40. Qxd5 Qe7 41. Nd4+ Kf8 42. Nxe2 Qxe2 43. Qd8+ Kg7 44. Qd7+ Kg8 45. h3 Qa6 1/2-1/2

[Event "Dapitan"]
[Site "Dapitan"]
[Date "2009.03.29"]
[Round "8"]
[White "Antonio, Rogelio Jr"]
[Black "Dableo, Ronald"]
[Result "0-1"]
[WhiteElo "2519"]
[BlackElo "2432"]
[PlyCount "196"]
[EventDate "2009.03.24"]
[EventType "tourn"]
[EventRounds "11"]
[EventCountry "PHI"]
[EventCategory "11"]
[SourceTitle "CBM 129 Extra"]
[Source "ChessBase"]
[SourceDate "2009.05.05"]
[SourceVersion "2"]
[SourceVersionDate "2009.05.20"]
[SourceQuality "1"]

1. e4 d5 2. exd5 Qxd5 3. Nc3 Qa5 4. d4 c6 5. Nf3 Nf6 6. Bc4 Bf5 7. Bd2 e6 8. Nd5 Qd8 9. Nxf6+ Qxf6 10. Qe2 Bg4 11. 0-0-0 Bxf3 12. gxf3 Nd7 13. h4 Bd6 14. Kb1 Qe7 15. Rhg1 Rg8 16. Ba5 Nf6 17. Rd3 Bb4 18. Bxb4 Qxb4 19. Rb3 Qe7 20. Rg5 Rd8 21. Rd3 Kf8 22. f4 g6 23. c3 Nh5 24. Rf3 Ng7 25. Bd3 Rd6 26. Re3 Qd8 27. Kc2 Nh5 28. Rf3 Ng7 29. Re3 a6 30. Qf3 h6 31. Rg1 Qf6 32. Re5 Rh8 33. Rg4 Ke7 34. Qe3 Rhd8 35. Rg3 Kd7 36. b4 Kc8 37. a4 Nh5 38. Rf3 R8d7 39. b5 axb5 40. axb5 cxb5 41. Rc5+ Kb8 42. Bxb5 Rd8 43. Be2 Rd5 44. Rxd5 Rxd5 45. Bd3 Ng7 46. f5 gxf5 47. Qf4+ Ka7 48. Be4 Rd7 49. Bd3 Nh5 50. Qc1 Qd8 51. Qxh6 Nf6 52. Qg5 Rc7 53. Kd2 Qd5 54. Re3 Qa2+ 55. Bc2 Nd5 56. Rd3 Nb4 57. cxb4 Rxc2+ 58. Ke1 Re2+ 59. Kf1 Rxf2+ 60. Kg1 Re2 61. Rd1 Re4 62. Rd2 Qd5 63. Kh2 Rg4 64. Qe7 Qc4 65. b5 Rxd4 66. b6+ Ka6 67. Rxd4 Qxd4 68. Qg5 f4 69. h5 f6 70. Qg4 f5 71. Qe2+ Ka5 72. Qa2+ Kb5 73. Qe2+ Kc5 74. h6 f3 75. Qc2+ Kxb6 76. Qb3+ Kc7 77. Qc2+ Kd6 78. Kh1 f2 79. Kg2 f1Q+ 80. Kxf1 Qf4+ 81. Qf2 Qxh6 82. Qb6+ Ke7 83. Qxb7+ Kf6 84. Qb2+ Kg6 85. Qe5 Qc1+ 86. Kg2 Qd2+ 87. Kf1 Qd5 88. Qh8 Kg5 89. Kf2 Qd2+ 90. Kf1 Kg4 91. Qg8+ Kf3 92. Qa8+ Ke3 93. Qa7+ Qd4 94. Qf7 Qc4+ 95. Kg1 f4 96. Qf6 Kf3 97. Qb2 Qe2 98. Qg7 Qe4 0-1

[Event "Dapitan"]
[Site "Dapitan"]
[Date "2009.03.28"]
[Round "7"]
[White "So, Wesley"]
[Black "Dableo, Ronald"]
[Result "1-0"]
[WhiteElo "2627"]
[BlackElo "2432"]
[PlyCount "53"]
[EventDate "2009.03.24"]
[EventType "tourn"]
[EventRounds "11"]
[EventCountry "PHI"]
[EventCategory "11"]
[SourceTitle "CBM 129 Extra"]
[Source "ChessBase"]
[SourceDate "2009.05.05"]
[SourceVersion "2"]
[SourceVersionDate "2009.05.20"]
[SourceQuality "1"]

1. e4 e6 2. d4 d5 3. Nc3 Nf6 4. e5 Ng8 5. Bd3 b6 6. Nf3 Ba6 7. 0-0 Qd7 8. Ne2 c5 9. c4 Ne7 10. dxc5 dxc4 11. Be4 Qxd1 12. Rxd1 Nbc6 13. cxb6 axb6 14. Be3 Nd5 15. Nc3 Ncb4 16. a3 Nxe3 17. axb4 Nxd1 18. Bc6+ Ke7 19. Bxa8 Nxc3 20. bxc3 Bb5 21. Nd4 Bd7 22. Ra7 Kd8 23. Bc6 Bxc6 24. Nxc6+ Kc8 25. Rxf7 g5 26. Ra7 b5 27. Nd4 1-0

[Event "Dapitan"]
[Site "Dapitan"]
[Date "2009.03.27"]
[Round "6"]
[White "Dableo, Ronald"]
[Black "Gonzales, Jayson"]
[Result "1/2-1/2"]
[WhiteElo "2432"]
[BlackElo "2468"]
[PlyCount "64"]
[EventDate "2009.03.24"]
[EventType "tourn"]
[EventRounds "11"]
[EventCountry "PHI"]
[EventCategory "11"]
[SourceTitle "CBM 129 Extra"]
[Source "ChessBase"]
[SourceDate "2009.05.05"]
[SourceVersion "2"]
[SourceVersionDate "2009.05.20"]
[SourceQuality "1"]

1. Nf3 d6 2. g3 e5 3. e4 Nf6 4. d3 g6 5. Bg2 Bg7 6. 0-0 0-0 7. Nbd2 Nc6 8. a4 a5 9. c3 Re8 10. Re1 Bh6 11. h3 Bd7 12. Kh2 Qc8 13. Qc2 Be6 14. b3 d5 15. Bb2 Qd7 16. Rad1 Rad8 17. Nf1 dxe4 18. dxe4 Qe7 19. Ne3 Rxd1 20. Rxd1 Rd8 21. Rxd8+ Qxd8 22. Nd2 Bf8 23. Ndc4 Bc5 24. Bc1 h5 25. h4 Ng4+ 26. Nxg4 Bxg4 27. Be3 Be7 28. f3 Be6 29. Nd2 Qd7 30. Bf1 Qe8 31. Bh3 Bxh3 32. Kxh3 Qd7+ 1/2-1/2

[Event "Manila Pichay Cup 4th"]
[Site "Manila"]
[Date "2008.09.18"]
[Round "8"]
[White "Jia, Haoxiang"]
[Black "Dableo, Ronald"]
[Result "0-1"]
[WhiteElo "2303"]
[BlackElo "2444"]
[PlyCount "58"]
[EventDate "2008.09.14"]
[EventType "swiss"]
[EventRounds "9"]
[EventCountry "PHI"]
[SourceTitle "CBM 126 Extra"]
[Source "ChessBase"]
[SourceDate "2008.11.05"]
[SourceVersion "1"]
[SourceVersionDate "2008.11.05"]
[SourceQuality "1"]

1. Nf3 d5 2. d4 c6 3. Bf4 Qb6 4. Qc1 Bg4 5. Nbd2 Nd7 6. e3 e6 7. Be2 h6 8. h3 Bh5 9. c4 Ngf6 10. c5 Qd8 11. b4 Be7 12. Qb2 0-0 13. Bd3 Bxf3 14. Nxf3 Qc8 15. g4 Ne4 16. Bxe4 dxe4 17. Nd2 f5 18. Qb3 Nf6 19. Be5 Nd5 20. Rg1 Bf6 21. Bxf6 Rxf6 22. 0-0-0 b5 23. cxb6 axb6 24. f3 exf3 25. gxf5 f2 26. Rgf1 c5 27. dxc5 bxc5 28. Rxf2 cxb4+ 29. Nc4 Ra3 0-1

[Event "Manila Pichay Cup 4th"]
[Site "Manila"]
[Date "2008.09.17"]
[Round "6"]
[White "Dableo, Ronald"]
[Black "Nguyen, Ngoc Truong Son"]
[Result "0-1"]
[WhiteElo "2444"]
[BlackElo "2579"]
[PlyCount "106"]
[EventDate "2008.09.14"]
[EventType "swiss"]
[EventRounds "9"]
[EventCountry "PHI"]
[SourceTitle "CBM 126 Extra"]
[Source "ChessBase"]
[SourceDate "2008.11.05"]
[SourceVersion "1"]
[SourceVersionDate "2008.11.05"]
[SourceQuality "1"]

1. c4 c6 2. Nf3 Nf6 3. e3 d5 4. cxd5 cxd5 5. d4 Nc6 6. a3 a6 7. b4 Bf5 8. Bb2 e6 9. Nbd2 Be7 10. Be2 Ne4 11. 0-0 0-0 12. Nb3 Nd6 13. Rc1 Bg4 14. Nc5 Nb8 15. Rc2 b6 16. Nd3 Nd7 17. Nde5 Bf5 18. Rc1 b5 19. g4 Bg6 20. Nxd7 Qxd7 21. h4 Nc4 22. Bxc4 dxc4 23. Ne5 Qd6 24. Nxg6 fxg6 25. g5 Qd5 26. f4 a5 27. Bc3 axb4 28. axb4 Ra2 29. Rc2 Rfa8 30. Qd2 R2a3 31. Rb2 Qe4 32. Rc1 Kf7 33. Kf2 h6 34. Qc2 Qxc2+ 35. Rcxc2 Ra1 36. Be1 Bd6 37. Ke2 Ke7 38. Bd2 Kd7 39. Kf3 R8a4 40. Ke4 Kc6 41. gxh6 gxh6 42. h5 gxh5 43. Bc3 R4a3 44. Bd2 h4 45. Bc1 h3 46. Rb1 Rxb1 47. Bxa3 Ra1 48. Bc1 Bxb4 49. Ke5 Kd7 50. Kf6 c3 51. e4 h2 52. Rxh2 Rxc1 53. Rxh6 Re1 0-1

[Event "Manila PGMA Cup 3rd"]
[Site "Manila"]
[Date "2008.09.10"]
[Round "6"]
[White "Wang, Xiaohui"]
[Black "Dableo, Ronald"]
[Result "0-1"]
[WhiteElo "2215"]
[BlackElo "2444"]
[PlyCount "78"]
[EventDate "2008.09.07"]
[EventType "swiss"]
[EventRounds "9"]
[EventCountry "PHI"]
[SourceTitle "CBM 126 Extra"]
[Source "ChessBase"]
[SourceDate "2008.11.05"]
[SourceVersion "1"]
[SourceVersionDate "2008.11.05"]
[SourceQuality "1"]

1. d4 d5 2. c4 c6 3. Nf3 Nf6 4. Nc3 a6 5. e3 Nbd7 6. b3 e6 7. Bd3 b5 8. 0-0 Be7 9. e4 b4 10. e5 bxc3 11. exf6 Nxf6 12. c5 Nd7 13. b4 g5 14. Qc2 g4 15. Ne5 Nxe5 16. dxe5 d4 17. Be4 Bb7 18. f4 Qd7 19. Rd1 f5 20. exf6 Bxf6 21. Re1 0-0 22. Qe2 a5 23. Bd3 axb4 24. Rb1 Rae8 25. Qxg4+ Kh8 26. Rxb4 Rg8 27. Qh5 Qg7 28. g3 Bc8 29. Rb6 e5 30. fxe5 Bg4 31. Qh6 Qxh6 32. Bxh6 Bh5 33. exf6 Rxe1+ 34. Kf2 Re6 35. Bg7+ Rxg7 36. fxg7+ Kxg7 37. Rb4 Re3 38. g4 Rxd3 39. gxh5 c2 0-1

[Event "Manila PGMA Cup 3rd"]
[Site "Manila"]
[Date "2008.09.08"]
[Round "3"]
[White "Dableo, Ronald"]
[Black "Mchedlishvili, Mikheil"]
[Result "0-1"]
[WhiteElo "2444"]
[BlackElo "2604"]
[PlyCount "78"]
[EventDate "2008.09.07"]
[EventType "swiss"]
[EventRounds "9"]
[EventCountry "PHI"]
[SourceTitle "CBM 126 Extra"]
[Source "ChessBase"]
[SourceDate "2008.11.05"]
[SourceVersion "1"]
[SourceVersionDate "2008.11.05"]
[SourceQuality "1"]

1. c4 e5 2. g3 Nc6 3. Bg2 Bc5 4. e3 d6 5. Ne2 a6 6. Nbc3 Ba7 7. d4 Nge7 8. b3 exd4 9. Nxd4 Nxd4 10. exd4 Nf5 11. Be3 0-0 12. 0-0 Nxe3 13. fxe3 c6 14. Qf3 Bd7 15. Rf2 Qe7 16. Rd1 Rae8 17. e4 b5 18. Qd3 Qg5 19. Rdf1 c5 20. d5 Bb6 21. h4 Qe5 22. Ne2 Ba5 23. Kh2 g6 24. Nf4 Bc3 25. Bh3 bxc4 26. bxc4 Ba4 27. Qf3 Bd4 28. Re2 Rb8 29. Qa3 Rb4 30. Nd3 Qh5 31. Nf4 Qh6 32. Qf3 Rxc4 33. e5 Rc3 34. e6 Rxf3 35. exf7+ Rxf7 36. Rxf3 Qf8 37. Re1 Bd7 38. Be6 Bxe6 39. dxe6 Rb7 0-1

[Event "Kuala Lumpur op 5th"]
[Site "Kuala Lumpur"]
[Date "2008.08.23"]
[Round "9"]
[White "Dableo, Ronald"]
[Black "Xiu, Deshun"]
[Result "1/2-1/2"]
[WhiteElo "2444"]
[BlackElo "2410"]
[PlyCount "187"]
[EventDate "2008.08.18"]
[EventType "swiss"]
[EventRounds "11"]
[EventCountry "MAS"]
[SourceTitle "CBM 126 Extra"]
[Source "ChessBase"]
[SourceDate "2008.11.05"]
[SourceVersion "1"]
[SourceVersionDate "2008.11.05"]
[SourceQuality "1"]

1. a3 Nf6 2. Nf3 g6 3. g3 Bg7 4. Bg2 0-0 5. 0-0 d5 6. d3 Nc6 7. Nbd2 e5 8. e4 a5 9. b3 h6 10. Bb2 Re8 11. c3 dxe4 12. dxe4 b6 13. Re1 Bb7 14. Qc2 Qe7 15. b4 Nb8 16. Nc4 Nbd7 17. Nfd2 h5 18. Ne3 c6 19. Ndc4 Qe6 20. Rad1 Bf8 21. Rd2 Ba6 22. Bf1 Ng4 23. Nxg4 hxg4 24. Ne3 Bxf1 25. Kxf1 Nf6 26. Rdd1 Be7 27. Qe2 b5 28. f3 gxf3 29. Qxf3 Red8 30. g4 Qb3 31. Qg2 Rxd1 32. Nxd1 axb4 33. cxb4 Rd8 34. Qe2 Qh3+ 35. Qg2 Qxg4 36. Nf2 Qxg2+ 37. Kxg2 Rd2 38. Bc1 Ra2 39. Kf3 c5 40. Nd3 cxb4 41. axb4 Rxh2 42. Nxe5 Bxb4 43. Rd1 Kg7 44. Nc6 Bc3 45. e5 Nh7 46. Rd7 Nf8 47. Rb7 Ne6 48. Rxb5 Bxe5 49. Nxe5 Nd4+ 50. Kg3 Rh5 51. Rb7 Ne2+ 52. Kg2 Nxc1 53. Rxf7+ Kh6 54. Nxg6 Kxg6 55. Rd7 Rf5 56. Rd2 Nb3 57. Rd3 Rb5 58. Kf3 Kf5 59. Rd8 Nc5 60. Rd5+ Ke6 61. Rh5 Rb3+ 62. Ke2 Nd7 63. Ra5 Ne5 64. Rc5 Kf5 65. Rd5 Ke4 66. Rd8 Rh3 67. Rf8 Re3+ 68. Kd2 Nf3+ 69. Kd1 Kd3 70. Rd8+ Nd4 71. Ra8 Re2 72. Ra3+ Ke4 73. Ra8 Rh2 74. Ke1 Nc2+ 75. Kf1 Kd3 76. Rd8+ Nd4 77. Ke1 Re2+ 78. Kf1 Re4 79. Kf2 Kd2 80. Rd7 Kd3 81. Rd8 Re6 82. Rd7 Rf6+ 83. Kg3 Ke3 84. Re7+ Ne6 85. Kg4 Ke4 86. Kg3 Rg6+ 87. Kf2 Kd3 88. Rd7+ Nd4 89. Rd8 Rg4 90. Rd7 Rg8 91. Rf7 Rd8 92. Kf1 Nc2 93. Kf2 Ne3 94. Kf3 1/2-1/2

[Event "Kuala Lumpur op 5th"]
[Site "Kuala Lumpur"]
[Date "2008.08.22"]
[Round "8"]
[White "Karavade, Eesha"]
[Black "Dableo, Ronald"]
[Result "1/2-1/2"]
[WhiteElo "2297"]
[BlackElo "2444"]
[PlyCount "92"]
[EventDate "2008.08.18"]
[EventType "swiss"]
[EventRounds "11"]
[EventCountry "MAS"]
[SourceTitle "CBM 126 Extra"]
[Source "ChessBase"]
[SourceDate "2008.11.05"]
[SourceVersion "1"]
[SourceVersionDate "2008.11.05"]
[SourceQuality "1"]

1. d4 Nf6 2. c4 c6 3. Nc3 d5 4. e3 g6 5. Nf3 Bg7 6. Be2 0-0 7. 0-0 a6 8. Ne5 e6 9. a4 Nfd7 10. Nxd7 Nxd7 11. a5 dxc4 12. Bxc4 c5 13. dxc5 Nxc5 14. Qe2 Bd7 15. Rd1 Qe7 16. e4 Rfc8 17. Bf4 Rc6 18. Rac1 Rac8 19. Ba2 Be8 20. f3 Nd7 21. Be3 Qb4 22. Ra1 h5 23. Kh1 Kh7 24. Bb1 Ne5 25. Ba2 Rd6 26. Rxd6 Qxd6 27. f4 Qd3 28. Qe1 Nc4 29. Bxc4 Qxc4 30. e5 Bc6 31. Qd2 Rc7 32. Ne2 Rd7 33. Nd4 Be4 34. Re1 Bf8 35. Qc3 Qa4 36. Qc8 Be7 37. Qe8 Bb4 38. Rc1 Bxa5 39. Rc8 Bd8 40. Bg1 Rxd4 41. Qxf7+ Kh6 42. Bxd4 Qd1+ 43. Bg1 Bxg2+ 44. Kxg2 Qe2+ 45. Bf2 Qg4+ 46. Kf1 Qd1+ 1/2-1/2

[Event "Kuala Lumpur op 5th"]
[Site "Kuala Lumpur"]
[Date "2008.08.20"]
[Round "6"]
[White "Castellano, Christopher"]
[Black "Dableo, Ronald"]
[Result "0-1"]
[WhiteElo "2249"]
[BlackElo "2444"]
[PlyCount "52"]
[EventDate "2008.08.18"]
[EventType "swiss"]
[EventRounds "11"]
[EventCountry "MAS"]
[SourceTitle "CBM 126 Extra"]
[Source "ChessBase"]
[SourceDate "2008.11.05"]
[SourceVersion "1"]
[SourceVersionDate "2008.11.05"]
[SourceQuality "1"]

1. e4 e6 2. d4 d5 3. e5 b6 4. c3 Qd7 5. Bd3 a5 6. Ne2 Ba6 7. Bc2 c5 8. 0-0 Nc6 9. Re1 Rc8 10. Bf4 Be7 11. Nd2 Bxe2 12. Qxe2 cxd4 13. Qg4 Kf8 14. Ba4 h5 15. Qg3 h4 16. Qg4 dxc3 17. bxc3 Nh6 18. Qe2 Qd8 19. Rab1 Nf5 20. Nf3 g5 21. Bd2 g4 22. Nd4 Ncxd4 23. cxd4 Rc4 24. Bd1 g3 25. fxg3 Rxd4 26. g4 Bc5 0-1